02961nam a22002297a 4500008004100000020001800041040000800059041000800067100003200075245011200107250001900219260003300238300004900271504005200320520114200372520101901514650003902533700004202572942000802614952009402622999001502716250516b |||||||| |||| 00| 0 eng d a9788434432437 ctbs aspa aGrima, Clara925246eauthor aEn busca del grafo perdidob: matemáticas con puntos y rayasc/ Clara Grima ; illustrations by Raquel Gu. aThird edition. aBarcelona : bAriel, c2021. a367 pages ;billustrations (color) ;c23 cm. aIncludes bibliographical references (page 367). aEsto es un libro sobre grafos. ¿Qué son los grafos? A simple vista se podría pensar que son dibujos simples realizados a partir de puntos y rayas que se unen entre sí. Pero si nos acercamos un poco más y los observamos con cariño y paciencia, descubriremos que son unos objetos matemáticos fascinantes, con un sinfín de aplicaciones sorprendentes, que sirven para analizar las redes sociales, diseñar una liga de fútbol u organizar un banquete de boda. Y siempre de la forma más eficiente y divertida. Esta sorprendente obra nos revela, a través de ejemplos llamativos e inesperados, cómo estas herramientas, en apariencia muy sencillas, tienen un potencial impresionante para modelar y resolver de manera óptima situaciones o conflictos cotidianos. Para aprender sobre grafos solo hay que ser curioso y saber usar algo en lo que, de momento, no nos ganan los ordenadores: intuición y sentido común. Además, tampoco hace falta tener conocimientos matemáticos previos. Si sabes cuándo un número es par, podrás llegar hasta el final de este libro y disfrutar como niños de la teoría de grafos. aThis is a book about graphs. What are graphs? At first glance, one might think they’re just simple drawings made up of dots and lines connecting them. But if we take a closer look, with patience and curiosity, we’ll discover that they are fascinating mathematical objects, with countless surprising applications—from analyzing social networks to designing a football league or organizing a wedding banquet. And always in the most efficient and fun way. This remarkable book reveals, through striking and unexpected examples, how these seemingly simple tools have incredible potential to model and optimally solve everyday situations and conflicts. To learn about graphs, all you need is curiosity and the ability to use something that, for now, computers can’t quite beat us at: intuition and common sense. And the best part is, no prior mathematical knowledge is required. If you know when a number is even, you’ll be able to make it to the end of this book and enjoy graph theory like a child at play. 0aGraph theoryxPopular works925247 aGu, Raqueld1972-925248eillustrator 2lcc 00102lcc4070aTBSbTBSd2025-05-16l0oQA166 GRIpB05771r2025-05-16t1w2025-05-16y1 c4671d4671